01345nab a22002777a 4500999001500000003000400015005001700019008004100036040000700077100003300084245008200117260004200199300001200241500003700253505033700290505008900627650002600716650003000742650003000772650004400802650001800846650003200864700003200896773012600928942001301054 c6567d6567OSt20260224121758.0190506c xxu||||| |||| 00| 0 spa d cPJ 97142aVillaggi, Romina I. G.13aLa muerte nunca fue tan justa /cRomina I. G. Villaggi, Rodolfo C. Comoretto. aBuenos Aires :bAbeledoPerrot,c2024. ap. 6-16 aCita: TR LALEY AR/DOC/1958/2024. aSumario: I. Extinción del contrato de trabajo por causas ajenas a la voluntad de las partes. Arts. 248 y 249 LCT. Introducción.— II. De la extinción del contrato de trabajo por muerte del empleador.— III. De la extinción del contrato de trabajo por muerte del trabajador.— IV. Conclusión final.— V. Bibliografía. t¿Te interesa el texto completo? Comunicate al correo: koha@justierradelfuego.gov.ar 091316aDERECHO LABORAL 091323aCONTRATO DE TRABAJO 094195aCOMPETENCIA LABORAL 091486aEXTINCION DEL CONTRATO DE TRABAJO 091533aDESPIDO 094947aMUERTE DEL TRABAJADOR 97143aComoretto, Rodolfo C.0 0275193202dBuenos Aires : AbeledoPerrot, 2013-tRevista de derecho laboral y seguridad social. Nº 17 - Septiembre 2024 2udccANA